000 00561nam a22002177a 4500
003 OSt
005 20140310182929.0
008 130130t xxu||||| |||| 00| 0 eng d
020 _a9789715849241
050 _aB 72
_bSi619 2011
082 _aFIL 128
_bS57 2011
245 _aPhilosophy of the human person
_cHector S. Siringan
260 _aQuezon City
_bC & E Pub
_c2011
300 _axviii, 271 p.
_bill.
_c22 cm.
521 _aCollege
526 _c1210L-1700L
541 _j1
541 _j2
562 _e2
942 _2lcc
_cBK
_kFIL
999 _c17495
_d17495